=LDR 00000nam 2200000 4500 =001 INLIS000000000026323 =005 20130612124754 =008 ***********************************Ind** =035 ##$$0010-061300000026323 =041 ##$$a Ind =082 ##$$a 627 =090 ##$$a 627, Eis t =100 ##$$a Eisenring, Markus =245 ##$$a Turbin pelton mikro, Markus Einsenring =260 ##$$a 1994 $b Yogyakarta =300 ##$$a 94 hlm, ilus, 28 cm =650 ##$$a Teknik =850 ##$$a NBPNMAT